Quiz Culture Générale – Niveau Intermédiaire #2 - Statistiques

Statistiques générales
  • Ce quiz a été pris 157 fois
  • Le résultat moyen est 11 sur 15
Statistiques - réponses
Question Réponse % Correct
Quelle est la langue officielle de l’Argentine ? Espagnol
99%
Dans quelle ville se trouve la célèbre horloge Big Ben ? Londres
99%
Dans quel pays se trouve la ville de Marrakech ? Maroc
99%
Combien de zéros dans un milliard (en chiffres français) ? 9
96%
Quel pays a pour drapeau une feuille d’érable rouge ? Canada
96%
Comment s'appelle le symbole mathématique π ? Pi
96%
Quel est l’ingrédient principal du guacamole ? Avocat
93%
Quel pays a inventé les Jeux Olympiques ? La Grèce
93%
Quel est le prénom de Mozart ? Wolfgang Amadeus
71%
Quel est le plus haut sommet d’Afrique ? Kilimandjaro
67%
Quel est le métal liquide à température ambiante ? Mercure
64%
Qui a fondé l’Empire mongol ? Gengis Khan
57%
Combien de touches blanches sur un piano standard ? 52
34%
Quel animal est symbole de sagesse dans la mythologie grecque ? La chouette
26%
Quel film a remporté l’Oscar du meilleur film en 2020 ? Parasite
21%
Aucun quiz correspondant
Distribution des résultats
% des personnes avec chaque résultat
Percentile par nombre de réponses
Votre historique - résultats
Vous n’avez pas pris ce quiz